000 00352nam a22001337a 4500
020 _a0-13-047472-X
082 _a658.3 HUN'A
100 _aALESSANDRA, ANTHONY J,HUNSAKER, PHILIP L
_974469
245 _aTHE ART OF MANAGING PEOPLE
260 _aNEWJERSCY
_bPRENTICE HALL
_c1980
300 _a270P
650 _aPERSONAL MANAGEMENT
_962420
942 _cBK
999 _c579995
_d579995